000 00747nam a2200253Ia 4500
003 OSt
005 20220925204930.0
006 a|||||r|||| 00| 0
007 ta
008 220923b |||||||| |||| 00| 0 eng d
020 _a9027933782
037 _cGeneral Book
040 _aRTL
_cRTL
_beng
041 _2eng
_aeng
082 _aDelta :87.495.N7, M1
100 _aLee Jung Young
_972260
245 0 _aKorean shamanistic ritual
260 _aHague
_bMouton
_c1981
300 _axvi, 249p. Bibliography P 25-32
_ccm.
490 _aReligion and Society, 12.
650 _aSpiritual Experience and Mysticism
_9235713
942 _hDelta :87.495.N7, M1
_cGB
_2CC
999 _c550810
_d550810